000 00691nam a2200217Ia 4500
001 2677
003 GE_BSU
008 181216s||||||||xx |||||||||||||| ||und||
020 _a9789941130823
040 _cGE_BSU
080 _aUDC574(075.8)
100 _aელიავა,ი ნახუცრიშვილი გ. ქაჯაია გ.
245 _aეკოლოგიის საფუძვლები
260 _aთბილისი
260 _bთბილისის უნივერსიტეტის გამომცემლობა
260 _c2009
300 _a249
541 _h20 ლ.
653 _aეკოლოგია
942 _cBK
999 _c36740
_d36740